[Event "BLR-ch (Women)"]
[Site "Minsk"]
[Date "2023.01.15"]
[Round "7"]
[White "Danchanka, Zlata"]
[Black "Poliakova, Varvara"]
[Result "1/2-1/2"]
[WhiteElo "1649"]
[BlackElo "1835"]
[PlyCount "112"]
[EventDate "2023.01.09"]
[EventType "tourn"]
[EventRounds "9"]
[EventCountry "BLR"]
[SourceTitle "CBM 212 Extra"]
[Source "ChessBase"]
[SourceDate "2023.03.31"]
[SourceVersion "1"]
[SourceVersionDate "2023.03.31"]
[SourceQuality "1"]

1. d4 d5 2. Nf3 c6 3. c4 Nf6 4. Nc3 g6 5. Bf4 dxc4 6. a4 Nd5 7. Be5 f6 8. Bg3 Qa5 9. Qd2 Be6 10. e4 Nxc3 11. bxc3 Bh6 12. Qb2 Nd7 13. Be2 Qb6 14. Qxb6 axb6 15. d5 cxd5 16. Nd4 Bf7 17. Nb5 0-0 18. Nc7 Ra5 19. exd5 f5 20. f3 Rc8 21. d6 f4 22. Bf2 exd6 23. Nb5 Bg7 24. 0-0 Re8 25. Bd1 Be5 26. Bc2 Nc5 27. Rfd1 d5 28. Kf1 Rea8 29. Bd4 Bxd4 30. Nxd4 Be8 31. Rab1 Bxa4 32. Rxb6 Bxc2 33. Nxc2 Nd3 34. Rxb7 Ra2 35. Nb4 Rf2+ 36. Kg1 Rb2 37. Rc7 Re8 38. Nxd3 cxd3 39. Rd7 d2 40. Kf1 Re5 41. g3 fxg3 42. hxg3 Re3 43. Rxd5 Rxf3+ 44. Kg2 Rxc3 45. R1xd2 Rbb3 46. Rg5 Kg7 47. Kh3 h6 48. Rd7+ Kf6 49. Rg4 g5 50. Rd6+ Kg7 51. Kh2 Rf3 52. Ra4 Rf2+ 53. Kh3 h5 54. Ra7+ Rf7 55. Ra5 Rf6 56. Rxg5+ Kh6 1/2-1/2

[Event "Kaspersky op U16"]
[Site "Tornelo INT"]
[Date "2021.04.02"]
[Round "5"]
[White "Danchanka, Zlata"]
[Black "Gorny, Tomasz"]
[Result "1-0"]
[WhiteElo "1687"]
[BlackElo "1662"]
[PlyCount "145"]
[EventDate "2021.04.02"]
[EventType "swiss (blitz)"]
[EventRounds "11"]
[EventCountry "RUS"]
[SourceTitle "CBM 201 Extra"]
[Source "ChessBase"]
[SourceDate "2021.05.31"]
[SourceVersion "1"]
[SourceVersionDate "2021.05.31"]
[SourceQuality "1"]

1. d4 d5 2. c4 e6 3. g3 Nf6 4. Bg2 Be7 5. Nf3 0-0 6. 0-0 Nbd7 7. Qd3 b6 8. Nc3 Bb7 9. Nd2 dxc4 10. Nxc4 Bxg2 11. Kxg2 c5 12. Rd1 cxd4 13. Qxd4 Qc7 14. Bf4 Qc6+ 15. f3 Rac8 16. Nd6 Bxd6 17. Qxd6 Qxd6 18. Rxd6 Nc5 19. Rad1 Nb7 20. R6d2 Rfd8 21. Bg5 Rxd2 22. Rxd2 Rd8 23. Rc2 Rc8 24. Rc1 Nd7 25. Rd1 Ndc5 26. Kf2 f6 27. Be3 Kf8 28. Nb5 a6 29. Nd4 Ke7 30. Rc1 Nd6 31. b4 Na4 32. Rxc8 Nxc8 33. Nc2 b5 34. Nd4 Kd6 35. Bd2 Ncb6 36. e4 Nc4 37. Be1 g6 38. Ke2 e5 39. Nb3 Nab6 40. Kd3 Nb2+ 41. Kc2 N2c4 42. Nc5 a5 43. Nb7+ Kc6 44. Nxa5+ Nxa5 45. bxa5 Nc4 46. Bb4 Ne3+ 47. Kd3 Nf1 48. Ke2 Nxh2 49. Kf2 f5 50. Kg2 fxe4 51. Kxh2 exf3 52. Kg1 e4 53. Kf2 g5 54. g4 Kb7 55. Ke3 Ka6 56. Be1 b4 57. Bxb4 Kb5 58. Be1 Ka6 59. Kxe4 f2 60. Bxf2 Kxa5 61. Kf5 Ka4 62. Kxg5 Ka3 63. Kh6 Kxa2 64. Kxh7 Kb3 65. g5 Kb4 66. g6 Kb5 67. g7 Ka6 68. g8Q Kb7 69. Qc4 Kb8 70. Qf7 Kc8 71. Bb6 Kb8 72. Qc7+ Ka8 73. Qc8# 1-0

[Event "Kaspersky op U16"]
[Site "Tornelo INT"]
[Date "2021.04.02"]
[Round "3"]
[White "Danchanka, Zlata"]
[Black "Goroshkov, Maksym"]
[Result "0-1"]
[WhiteElo "1687"]
[BlackElo "2045"]
[PlyCount "70"]
[EventDate "2021.04.02"]
[EventType "swiss (blitz)"]
[EventRounds "11"]
[EventCountry "RUS"]
[SourceTitle "CBM 201 Extra"]
[Source "ChessBase"]
[SourceDate "2021.05.31"]
[SourceVersion "1"]
[SourceVersionDate "2021.05.31"]
[SourceQuality "1"]

1. d4 Nf6 2. c4 d6 3. g3 g6 4. Bg2 Bg7 5. Nf3 0-0 6. 0-0 c5 7. Nc3 Nc6 8. e4 Bg4 9. dxc5 dxc5 10. Qe1 Bxf3 11. Bxf3 Nd4 12. Bd1 Nd7 13. f4 Nb6 14. Bb3 a5 15. Na4 Nxa4 16. Bxa4 e5 17. f5 Qb6 18. Qf2 gxf5 19. exf5 e4 20. f6 Nf3+ 21. Kh1 Bxf6 22. Bd1 Bd4 23. Be3 Qxb2 24. Bxd4 Qxd4 25. Bxf3 Qxf2 26. Rxf2 exf3 27. Rxf3 Rad8 28. Rf5 b6 29. Rb1 Rd6 30. Kg2 Re8 31. Kf3 Ree6 32. Rf1 f6 33. Kg4 Kg7 34. Kh3 Rd2 35. g4 Ree2 0-1

[Event "EU-ch Online U18 Girls"]
[Site "Tornelo INT"]
[Date "2020.09.20"]
[Round "8"]
[White "Danchanka, Zlata"]
[Black "Warnaar, Alisha"]
[Result "0-1"]
[WhiteElo "1630"]
[BlackElo "1857"]
[PlyCount "108"]
[EventDate "2020.09.18"]
[EventType "swiss (rapid)"]
[EventRounds "9"]
[EventCountry "ENG"]
[SourceTitle "CBM 198 Extra"]
[Source "ChessBase"]
[SourceDate "2020.11.30"]
[SourceVersion "1"]
[SourceVersionDate "2020.11.30"]
[SourceQuality "1"]

1. d4 Nf6 2. c4 g6 3. Nc3 Bg7 4. e4 d6 5. f3 0-0 6. Be3 c5 7. d5 e6 8. Nge2 exd5 9. exd5 Re8 10. Qd2 a6 11. a4 Qe7 12. Bh6 Bh8 13. Kf2 Nbd7 14. Ng3 Ne5 15. h3 Nfd7 16. Bg5 f6 17. Bf4 f5 18. Re1 Ng4+ 19. hxg4 Bd4+ 20. Be3 f4 21. Bxd4 fxg3+ 22. Kxg3 Qxe1+ 23. Qxe1 Rxe1 24. Bf2 Ra1 25. Ne4 Rxa4 26. Be2 Rb4 27. Rb1 Rb6 28. f4 Kg7 29. Be1 a5 30. Bc3+ Kg8 31. g5 a4 32. Ra1 a3 33. bxa3 Rb3 34. Kf2 Raxa3 35. Rc1 Nb6 36. Bd1 Ra2+ 37. Kg3 Rba3 38. Kh2 Nxc4 39. Nf6+ Kf7 40. Bf3 Ne3 41. Ne4 Nf5 42. Bg4 Ra6 43. Re1 b5 44. Bf6 b4 45. Ng3 b3 46. Nxf5 Bxf5 47. Re7+ Kf8 48. Bxf5 gxf5 49. Rb7 c4 50. Kg3 R6a3 51. Be7+ Ke8 52. Bxd6 Ra6 53. Be5 Rc2 54. d6 Rxd6 0-1

[Event "EU-ch Online U18 Girls"]
[Site "Tornelo INT"]
[Date "2020.09.20"]
[Round "9"]
[White "Waardenburg, Marlinde"]
[Black "Danchanka, Zlata"]
[Result "1-0"]
[WhiteElo "1795"]
[BlackElo "1630"]
[PlyCount "77"]
[EventDate "2020.09.18"]
[EventType "swiss (rapid)"]
[EventRounds "9"]
[EventCountry "ENG"]
[SourceTitle "CBM 198 Extra"]
[Source "ChessBase"]
[SourceDate "2020.11.30"]
[SourceVersion "1"]
[SourceVersionDate "2020.11.30"]
[SourceQuality "1"]

1. e4 c5 2. Nc3 g6 3. f4 Bg7 4. Nf3 Nc6 5. Bc4 d6 6. 0-0 e6 7. d3 Nge7 8. Qe1 a6 9. a4 Rb8 10. Nd1 b5 11. axb5 axb5 12. Bb3 Qb6 13. Kh1 Bb7 14. f5 0-0 15. fxe6 fxe6 16. Bxe6+ Kh8 17. c3 b4 18. Ne3 bxc3 19. bxc3 Nd8 20. Bc4 Bc8 21. Qh4 Nec6 22. Bd2 Ne6 23. Nd5 Qd8 24. Qg3 Na5 25. Ba2 Ba6 26. Nf4 Nxf4 27. Bxf4 Bxd3 28. Rfd1 c4 29. Bxd6 Rb2 30. Bc7 Qa8 31. Bxa5 Qxa5 32. Bxc4 Qxc3 33. Bxd3 Rfb8 34. Rac1 Qb3 35. Bc4 Qe3 36. Ng5 h6 37. Nf7+ Kh7 38. Qxe3 Rf8 39. h3 1-0

[Event "EU-ch Online U18 Girls"]
[Site "Tornelo INT"]
[Date "2020.09.18"]
[Round "1"]
[White "Hovhannisyan, Mane"]
[Black "Danchanka, Zlata"]
[Result "1/2-1/2"]
[WhiteElo "1817"]
[BlackElo "1630"]
[PlyCount "145"]
[EventDate "2020.09.18"]
[EventType "swiss (rapid)"]
[EventRounds "9"]
[EventCountry "ENG"]
[SourceTitle "CBM 198 Extra"]
[Source "ChessBase"]
[SourceDate "2020.11.30"]
[SourceVersion "1"]
[SourceVersionDate "2020.11.30"]
[SourceQuality "1"]

1. d4 Nf6 2. Nf3 g6 3. Bf4 Bg7 4. e3 0-0 5. Be2 d6 6. 0-0 Nc6 7. h3 Nd7 8. c3 e5 9. Bg5 Qe8 10. Nbd2 f5 11. dxe5 dxe5 12. Bh4 Kh8 13. Bg3 Qe7 14. a3 g5 15. Qc2 e4 16. Nd4 Nxd4 17. cxd4 f4 18. Bh2 Nf6 19. Rac1 Nd5 20. Qxe4 Qxe4 21. Nxe4 fxe3 22. fxe3 Rxf1+ 23. Bxf1 Nxe3 24. Be5 Nxf1 25. Kxf1 Be6 26. Nxg5 Rf8+ 27. Kg1 Bd5 28. Bxg7+ Kxg7 29. Rxc7+ Kg6 30. h4 h6 31. Nh3 Bc6 32. Re7 Rd8 33. Re6+ Kg7 34. Nf4 Rxd4 35. Nh5+ Kh7 36. Nf6+ Kg7 37. Ne8+ Kf7 38. Nc7 Rxh4 39. Re2 Rd4 40. Ne6 Rd1+ 41. Kh2 Rd6 42. Nf4 Rf6 43. Nd3 Bb5 44. Ne5+ Kg7 45. Re1 Re6 46. b3 Bc6 47. Kg3 Bd5 48. b4 Kf6 49. Ng4+ Kg5 50. Rd1 Bc6 51. Rd4 h5 52. Nh2 Re3+ 53. Nf3+ Bxf3 54. gxf3 Rxa3 55. Rd5+ Kg6 56. Rd6+ Kf5 57. Rd5+ Kg6 58. Rd6+ Kf5 59. Rd5+ Kg6 60. Rd6+ Kf5 61. Rd5+ Kg6 62. Rd6+ Kf5 63. Rd5+ Kg6 64. Rd6+ Kf5 65. Rd5+ Kg6 66. Rd6+ Kf5 67. Rd5+ Kg6 68. Rd6+ Kf5 69. Rd5+ Kg6 70. Rd6+ Kf5 71. Rd5+ Kg6 72. Rd6+ Kf5 73. Rd5+ 1/2-1/2

[Event "BLR-chB (Women)"]
[Site "Minsk"]
[Date "2020.02.02"]
[Round "8"]
[White "Danchanka, Zlata"]
[Black "Poliakova, Varvara"]
[Result "0-1"]
[WhiteElo "1545"]
[BlackElo "2052"]
[PlyCount "110"]
[EventDate "2020.01.26"]
[EventType "swiss"]
[EventRounds "9"]
[EventCountry "BLR"]
[SourceTitle "CBM 194 Extra"]
[Source "ChessBase"]
[SourceDate "2020.03.31"]
[SourceVersion "1"]
[SourceVersionDate "2020.03.31"]
[SourceQuality "1"]

1. Nf3 d6 2. d3 e5 3. c4 c6 4. Nc3 g6 5. Bg5 Qc7 6. Qd2 Bg7 7. e4 Nd7 8. Be2 Nc5 9. h4 Ne6 10. Be3 Nd4 11. h5 Be6 12. Rc1 Qd7 13. Ng5 0-0-0 14. Nxe6 Qxe6 15. b4 Kb8 16. b5 c5 17. h6 Bf8 18. Nd5 f5 19. Qa5 Qd7 20. Bxd4 exd4 21. b6 a6 22. Bf3 Ne7 23. Nc7 Nc6 24. Nxa6+ bxa6 25. Qxa6 Qb7 26. Qa4 Ne5 27. Rb1 Qa8 28. Qxa8+ Kxa8 29. exf5+ Nxf3+ 30. gxf3 Be7 31. fxg6 hxg6 32. h7 Rde8 33. Kd1 Bd8 34. a4 Kb7 35. a5 Re7 36. Rh6 Rhxh7 37. Rxh7 Rxh7 38. Ke2 Bf6 39. f4 g5 40. fxg5 Bxg5 41. Rg1 Re7+ 42. Kd1 Bf4 43. Rg4 Rf7 44. Rg8 Bh6 45. Rg6 Bf8 46. Re6 Rxf2 47. Re8 Rf7 48. Kc2 Rf1 49. Kb3 d5 50. cxd5 Bd6 51. Rd8 Be5 52. Rd7+ Kc8 53. Ra7 Rb1+ 54. Kc4 Bd6 55. Rh7 Rb4# 0-1